000 00556cam a22002291 4500
001 sa 66003002
003 DLC
005 20260227112233.0
008 950308s1962 ii 000 0 tamo
010 _asa 66003002
025 _aPL480:I-T-491
035 _a(OCoLC)32111083
040 _aDLC
_cCU
_dCU
_dDLC
042 _apremarc
050 0 0 _aLF523
_b.I8
100 1 _aIsvarmurti, V.,
_d1936-
245 1 0 _aĀkspōrṭu vāl̲kkai.
260 _c[1962?]
300 _aii, 120 p.
_c18 cm.
500 _aIn Tamil.
610 2 0 _aUniversity of Oxford.
999 _c68666
_d68666